Marketing for architects and designers (Record no. 66968)

MARC details
000 -LEADER
fixed length control field 00268nam a22001097a 4500
005 - DATE AND TIME OF LATEST TRANSACTION
control field 20251013094544.0
008 - FIXED-LENGTH DATA ELEMENTS--GENERAL INFORMATION
fixed length control field 251013b |||||||| |||| 00| 0 eng d
040 ## - CATALOGING SOURCE
Transcribing agency PK-LaNCA
082 ## - DEWEY DECIMAL CLASSIFICATION NUMBER
Classification number 720.688
Item number MAR
245 ## - TITLE STATEMENT
Title Marketing for architects and designers
942 ## - ADDED ENTRY ELEMENTS (KOHA)
Koha item type Book
999 ## -
-- 66968
-- 66968
Holdings
Withdrawn status Weedout from Library Permanent Location Current Location Date acquired Full call number Barcode Price effective from Koha item type
    NATIONAL COLLEGE OF ARTS, RAWALPINDI CAMPUS - LIBRARY NATIONAL COLLEGE OF ARTS, RAWALPINDI CAMPUS - LIBRARY 13/10/2025 MAR 720.688 RP00747480 RP007480 13/10/2025 Book